Datum a čas kvízu
35.5
Celkem bodů
Celkový počet nahraných bodů na tomto kvízu bez doplňovacích otázek.
3.
Pořadí na kvízu
Konečné umístění týmu na tomto kvízu.
Zaznamenané odpovědi
| # | Otázka | Odpověď | Body | Výsledky |
|---|---|---|---|---|
| 1. | V úterý jsme si připomněli Den... | Ve Staré Boleslavi. | 1 | |
| 2. | Kuriózní rozuzlení měl případ... | V Turecku. | 0 | |
| 3. | V úterý měl v Londýně světovou... | Není čas zemřít (No Time to Die) | 1 | |
| 4. | Minulý čtvrtek byla po ročním... | v Dubaji | 0 | |
| 5. | Fotbalový klub z Teplic po sér... | Jiří Jarošík | 0 | |
| 6. | Pojďme se podívat na leváky, k... | B | 0 | |
| 7. | Naše levoruká tenistka a dvojn... | Bílovec | 1 | |
| 8. | Obyvatelé arktických oblastí U... | Inuité | 1 | |
| 9. | Dabér Jaromír Meduna propůjčil... | Levák Bob | 1 | |
| 10. | Levákem byl i slavný vojevůdce... | Na Korsice. | 1 |